[Event "29th Czech Open B 2018"]
[Site "Pardubice CZE"]
[Date "2018.07.23"]
[Round "4.3"]
[White "Yanjinlkham, Bayarsaikhan"]
[Black "Aliferenko, Aleksei"]
[Result "0-1"]
[WhiteTitle "WFM"]
[WhiteElo "1984"]
[BlackElo "2211"]
[WhiteFideId "4901452"]
[BlackFideId "14111977"]
[EventDate "2018.07.20"]

1. Nf3 Nf6 2. g3 b6 3. d4 Bb7 4. Bg2 c5 5. c3 e6 6. O-O Be7 7. Re1 O-O 8. b3 d5
9. Ne5 Nc6 10. Nxc6 Bxc6 11. Bb2 Rc8 12. e3 b5 13. Nd2 Qb6 14. Nf3 Rfd8 15. Ne5
Be8 16. Rc1 Ne4 17. f3 Nf6 18. Qe2 Bd6 19. g4 Nd7 20. Nxd7 Bxd7 21. Kh1 cxd4 22.
cxd4 Qa5 23. Rxc8 Rxc8 24. Ra1 Ba3 25. Bxa3 Qxa3 26. Bf1 h6 27. Qd2 b4 28. Bd3
Rc3 29. Rg1 a5 30. g5 hxg5 31. e4 f6 32. e5 Kf7 33. f4 g4 34. Rxg4 Qc1+ 35. Qxc1
Rxc1+ 36. Rg1 Rc3 37. Bg6+ Kf8 38. exf6 gxf6 39. f5 exf5 40. Rf1 Ke7 41. Kg2 Rd3
42. h4 Rxd4 43. h5 Rg4+ 44. Kf3 d4 45. Rf2 Bc6+ 46. Ke2 f4 47. Rh2 f3+ 48. Kf2
Rg2+ 49. Rxg2 fxg2 50. h6 Kf8 51. Kg1 Kg8 52. Kf2 Kh8 53. Kg1 Bd5 54. h7 a4 55.
bxa4 Bxa2 56. a5 Bc4 57. Bc2 d3 58. Bd1 b3 59. a6 b2 60. a7 Bd5 0-1

[Event "29th Czech Open B 2018"]
[Site "Pardubice CZE"]
[Date "2018.07.23"]
[Round "4.4"]
[White "Taranenko, Evgueniy"]
[Black "Barak, Gil"]
[Result "1-0"]
[WhiteElo "2204"]
[BlackElo "1993"]
[WhiteFideId "14122138"]
[BlackFideId "2812690"]
[EventDate "2018.07.20"]

1. Nc3 e5 2. a3 Nf6 3. d3 d5 4. Nf3 Nc6 5. g3 Be7 6. Bg2 O-O 7. O-O h6 8. e4 Be6
9. exd5 Nxd5 10. Re1 Nxc3 11. bxc3 Bd6 12. c4 Bg4 13. h3 Bh5 14. Bb2 f5 15. Qd2
Re8 16. c5 Bxf3 17. Bxf3 Bxc5 18. Bxc6 bxc6 19. Rxe5 Rxe5 20. Bxe5 Qd5 21. Qc3
Re8 22. Bxg7 Re2 23. Rf1 Re6 24. Bh8 Rg6 25. d4 Bd6 26. Be5 f4 27. Kh2 Kh7 28.
Rg1 f3 29. Re1 Re6 30. Re3 Kg8 31. Qd3 Bxe5 32. Rxe5 Rxe5 33. Qg6+ Kf8 34. Qxh6+
Kf7 35. dxe5 Qc5 36. Qf4+ Ke8 37. Qxf3 Qc4 38. e6 1-0

[Event "29th Czech Open B 2018"]
[Site "Pardubice CZE"]
[Date "2018.07.23"]
[Round "4.5"]
[White "Vakulenko, Oleksandr"]
[Black "Doberitz, Paul"]
[Result "0-1"]
[WhiteElo "1941"]
[BlackElo "2178"]
[WhiteFideId "14156130"]
[BlackFideId "24646130"]
[EventDate "2018.07.20"]

1. e4 d6 2. d4 Nf6 3. Nc3 g6 4. g3 Bg7 5. Bg2 O-O 6. Nge2 Nbd7 7. h3 c6 8. a4 b6
9. Be3 Bb7 10. O-O Qc7 11. f4 e5 12. dxe5 dxe5 13. f5 a6 14. Qc1 b5 15. g4 b4
16. Nd1 Rfd8 17. Ng3 c5 18. g5 Ne8 19. c4 bxc3 20. Qxc3 Nd6 21. f6 Bf8 22. Nf2
Rac8 23. Rfc1 Bc6 24. Bxc5 Nxc5 25. Qxc5 Nxe4 26. Qxc6 Qxc6 27. Rxc6 Nxg3 28.
Kh2 Rxc6 29. Bxc6 Nf5 30. Rd1 Nd4 31. Bb7 a5 32. Nd3 Ne6 33. Kg2 Rxd3 0-1

[Event "29th Czech Open B 2018"]
[Site "Pardubice CZE"]
[Date "2018.07.23"]
[Round "4.6"]
[White "Galicek, Stanislav"]
[Black "Sim, Jia Ru"]
[Result "1-0"]
[WhiteElo "2089"]
[BlackElo "1917"]
[WhiteFideId "316342"]
[BlackFideId "5716110"]
[EventDate "2018.07.20"]

1. d4 d5 2. c4 dxc4 3. Nf3 c5 4. e3 cxd4 5. exd4 Be6 6. Nc3 Nf6 7. Bg5 Nd5 8.
Qa4+ Nc6 9. Bxc4 Nb6 10. d5 Nxa4 11. dxe6 f6 12. Nxa4 fxg5 13. O-O Qa5 14. Nc3
g4 15. Nd2 g6 16. Nde4 Bg7 17. Nd5 Rd8 18. Rad1 Nb4 19. Bb5+ Nc6 20. b4 Rxd5 21.
Bxc6+ bxc6 22. bxa5 Rxa5 23. Rd7 Re5 24. Nd6+ exd6 25. Rxg7 Rxe6 26. Rb1 Kf8 27.
Rxa7 Rg8 28. Rb8+ Re8 29. Rxe8+ Kxe8 30. Ra8+ Kf7 31. Rxg8 Kxg8 32. a4 1-0

[Event "29th Czech Open B 2018"]
[Site "Pardubice CZE"]
[Date "2018.07.23"]
[Round "4.7"]
[White "Lucovnik, Tilen"]
[Black "Vlkova, Anezka"]
[Result "1-0"]
[WhiteElo "2077"]
[BlackElo "1889"]
[WhiteFideId "14608960"]
[BlackFideId "364339"]
[EventDate "2018.07.20"]

1. e4 c5 2. c3 d5 3. exd5 Qxd5 4. d4 g6 5. Be3 cxd4 6. Qxd4 Nf6 7. Nf3 Nc6 8.
Qxd5 Nxd5 9. Bc5 e5 10. Bxf8 Kxf8 11. Nbd2 Kg7 12. O-O-O f6 13. Ne4 Nce7 14. Nd6
Rd8 15. Nxc8 Raxc8 16. Rd2 a6 17. g3 b5 18. a3 Nc6 19. Bh3 Rc7 20. Rhd1 Nce7 21.
Be6 Rc5 22. Ne1 Rd6 23. Nd3 Rc4 24. Nxe5 Rxe6 25. Nxc4 bxc4 26. Rxd5 Nxd5 27.
Rxd5 Kh6 28. Kd1 Rb6 29. Kc1 Re6 30. Kd1 Rb6 31. Rd2 Kg5 32. h3 h5 33. Ke2 f5
34. f4+ Kf6 35. Kf3 Ke6 36. Ke3 Rb8 37. h4 Kf6 38. Rd6+ Kf7 39. Kd4 Rxb2 40.
Kxc4 Rg2 41. Rd3 Rb2 42. Re3 Rb1 43. Kd4 Rd1+ 44. Kc5 1-0

[Event "29th Czech Open B 2018"]
[Site "Pardubice CZE"]
[Date "2018.07.23"]
[Round "4.8"]
[White "Mueller-Ludwig, Kristin"]
[Black "Gramb, Marius"]
[Result "1/2-1/2"]
[WhiteTitle "WFM"]
[WhiteElo "2019"]
[BlackElo "2123"]
[WhiteFideId "4628691"]
[BlackFideId "24656593"]
[EventDate "2018.07.20"]

1. e4 c5 2. Nf3 d6 3. d4 cxd4 4. Nxd4 Nf6 5. Nc3 a6 6. Be3 e6 7. Qd2 b5 8. f3
Nbd7 9. g4 Nb6 10. g5 Nfd7 11. h4 Bb7 12. Qf2 b4 13. Nd1 d5 14. Bd3 Rc8 15. Nb3
Nc4 16. exd5 Bxd5 17. Bd4 Nce5 18. Be4 Bxe4 19. fxe4 Bd6 20. Ne3 Qc7 21. O-O-O
a5 22. Kb1 a4 23. Nc1 Bc5 24. Bxc5 Nxc5 25. Qf4 Nc6 26. Qg4 Ne5 27. Qf4 Nc6 28.
Qg4 Ne5 29. Qf4 1/2-1/2

[Event "29th Czech Open B 2018"]
[Site "Pardubice CZE"]
[Date "2018.07.23"]
[Round "4.9"]
[White "Ashrafzianov, Igor"]
[Black "Rozmanov, Aleksandr"]
[Result "1/2-1/2"]
[WhiteElo "2004"]
[BlackElo "2075"]
[WhiteFideId "24122572"]
[BlackFideId "34136026"]
[EventDate "2018.07.20"]

1. d4 d5 2. Nf3 Nf6 3. c4 e6 4. g3 dxc4 5. Bg2 a6 6. Nc3 Nbd7 7. e4 b5 8. e5 Nd5
9. Ng5 N7b6 10. Qh5 g6 11. Qh3 h6 12. O-O Bg7 13. Nge4 Nxc3 14. bxc3 Nd5 15. a4
Bb7 16. Nc5 Qc8 17. Re1 Bf8 18. Ne4 Be7 19. Ba3 Nb6 20. axb5 axb5 21. Bxe7 Bxe4
22. Bxe4 Rxa1 23. Rxa1 Kxe7 24. Bc6 Nd5 25. Bxb5 Qb7 26. Bxc4 Nxc3 27. Qg4 Ra8
28. Rxa8 Qxa8 29. Qh4+ Kd7 30. Qf6 Qe8 31. Qf3 Nd5 32. Bxd5 exd5 33. Qxd5+ Ke7
34. Qc5+ Kd8 35. Kg2 h5 36. Qd5+ Ke7 37. h4 Qa4 38. Qc5+ Ke8 39. Qd5 c6 40. Qc5
Qa6 41. Kh2 Qa4 42. Kg1 Qa1+ 43. Kg2 Qa6 44. d5 cxd5 45. Qxd5 Kf8 46. Qc5+ Kg7
47. Qd5 Qe2 48. Qd4 Kh7 49. Qf4 Qa2 50. Qe4 Qe6 51. f3 Qa2+ 52. Kh3 Qf2 53. g4
hxg4+ 54. Qxg4 Qf1+ 55. Qg2 Qe1 56. Qg3 1/2-1/2

[Event "29th Czech Open B 2018"]
[Site "Pardubice CZE"]
[Date "2018.07.23"]
[Round "4.10"]
[White "Novak, Ales"]
[Black "Polansky, Adam Lubos"]
[Result "1/2-1/2"]
[WhiteElo "2071"]
[BlackElo "2006"]
[WhiteFideId "315397"]
[BlackFideId "364657"]
[EventDate "2018.07.20"]

1. d4 d5 2. Bg5 c5 3. dxc5 Nd7 4. Qxd5 Qa5+ 5. Qd2 Qxc5 6. Nf3 Ngf6 7. Nc3 g6 8.
e4 Bg7 9. Bd3 O-O 10. O-O Ng4 11. Nd5 Re8 12. c3 Nde5 13. Nxe5 Nxe5 14. Be3 Qd6
15. Be2 Be6 16. Rad1 Rad8 17. Qc2 Qb8 18. Rd2 Rc8 19. Rfd1 Kf8 20. f3 b5 21. Qb3
a6 22. a4 Nc4 23. Bxc4 Rxc4 24. axb5 Qxb5 25. Qxb5 axb5 26. Nf4 Bc8 27. Nd5 Be6
28. Nf4 Bc8 29. Nd3 f5 30. exf5 Bxf5 31. Nb4 Kf7 32. Rd8 e5 33. Rxe8 Kxe8 34.
Ra1 Bd7 35. Nd5 Ra4 36. Rxa4 bxa4 37. Kf2 Kf7 38. Bc5 Bc6 39. Nb4 Bd7 40. Ke2
Bf5 41. Nd5 Ke6 42. Ne3 Bb1 43. Kd2 Bh6 44. c4 e4 45. Kc3 Bxe3 46. Bxe3 exf3 47.
gxf3 Kd7 48. Kb4 Bc2 49. Kc5 h5 50. Kb6 Kc8 1/2-1/2

[Event "29th Czech Open B 2018"]
[Site "Pardubice CZE"]
[Date "2018.07.23"]
[Round "4.11"]
[White "Anatskiy, Alexey"]
[Black "Bonaposta, Fabrizio"]
[Result "0-1"]
[WhiteElo "1993"]
[BlackElo "2055"]
[WhiteFideId "14119323"]
[BlackFideId "839973"]
[EventDate "2018.07.20"]

1. d4 Nf6 2. Bg5 e6 3. e4 h6 4. Bxf6 Qxf6 5. Qd2 c5 6. e5 Qd8 7. Nf3 Nc6 8. d5
exd5 9. Qxd5 Qb6 10. Qb3 d5 11. Nc3 Be6 12. Qxb6 axb6 13. Nb5 Kd7 14. a3 g5 15.
O-O-O g4 16. Ne1 Nxe5 17. Nc3 d4 18. Ne4 Kc7 19. Nd3 Nxd3+ 20. Bxd3 Bg7 21. Ng3
c4 22. Nf5 Bf6 23. Be4 Rhd8 24. h3 gxh3 25. Rxh3 Ra5 26. g4 c3 27. bxc3 Rxa3 28.
Kd2 dxc3+ 29. Ke2 Rxd1 30. Kxd1 b5 31. Rxh6 Be5 32. Ne3 Bf4 33. Rh7 Bxe3 34.
fxe3 Bxg4+ 35. Ke1 Be6 36. Bg6 Bc4 37. Kf2 Ra6 38. Be4 Rf6+ 39. Kg3 b4 40. Rh5
b6 41. Rh1 0-1

[Event "29th Czech Open B 2018"]
[Site "Pardubice CZE"]
[Date "2018.07.23"]
[Round "4.12"]
[White "Kong, Ren En"]
[Black "Cach, Jakub"]
[Result "1/2-1/2"]
[WhiteElo "1859"]
[BlackElo "2044"]
[WhiteFideId "5718074"]
[BlackFideId "332933"]
[EventDate "2018.07.20"]

1. d4 d5 2. c4 e6 3. Nc3 Nf6 4. cxd5 exd5 5. Bg5 c6 6. e3 Bd6 7. Bd3 O-O 8. Qc2
h6 9. Bh4 Re8 10. Nge2 Qe7 11. Bg3 Be6 12. O-O Nbd7 13. f3 Bxg3 14. Nxg3 Rad8
15. Rae1 Nb6 16. Bf5 Qd7 17. Bxe6 fxe6 18. f4 Nc4 19. b3 Nd6 20. Na4 Nfe4 21.
Nxe4 Nxe4 22. Nc5 Nxc5 23. Qxc5 Qf7 24. Qc2 Qf5 25. Rc1 Re7 26. h3 h5 27. Kf2
Rf7 28. Ke2 Rdf8 29. Rf3 g6 30. Qxf5 exf5 31. g4 hxg4 32. hxg4 Rh7 33. Rg1 Rh2+
34. Kd3 fxg4 35. Rxg4 Rf6 36. Rfg3 Kf7 37. Rg2 Rh3 38. R4g3 Rxg3 39. Rxg3 Rf5
40. Rh3 Kg7 41. b4 Rh5 42. Rxh5 gxh5 43. a4 a6 44. Ke2 b5 45. axb5 axb5 46. Kf3
Kg6 47. Kg2 Kf5 48. Kh3 Kf6 49. Kg3 Kf5 1/2-1/2

[Event "29th Czech Open B 2018"]
[Site "Pardubice CZE"]
[Date "2018.07.23"]
[Round "4.13"]
[White "Vonhoff, Nils"]
[Black "Vinokur, Leonid"]
[Result "0-1"]
[WhiteElo "2040"]
[BlackElo "1684"]
[WhiteFideId "24692301"]
[BlackFideId "34171557"]
[EventDate "2018.07.20"]

1. e4 e6 2. d3 d5 3. Nd2 Nf6 4. f4 b6 5. g3 Bb7 6. Bg2 dxe4 7. dxe4 Bc5 8. Qe2
Nbd7 9. c3 a5 10. Nh3 h5 11. Bf3 a4 12. Ng5 Ba6 13. c4 Bb7 14. h3 e5 15. Rb1 Qe7
16. h4 O-O-O 17. f5 Nb8 18. Nf1 Nc6 19. Be3 Bxe3 20. Qxe3 Nd4 21. Kf2 Ng4+ 22.
Bxg4 hxg4 23. Nd2 Nc2 24. Qc3 Qc5+ 25. Ke2 Nd4+ 26. Ke1 Rd7 27. b4 axb3 28. axb3
Nb5 29. Qc1 Qe3+ 0-1

[Event "29th Czech Open B 2018"]
[Site "Pardubice CZE"]
[Date "2018.07.23"]
[Round "4.14"]
[White "Yakimenko, Alexander A."]
[Black "Dhyana, Patel"]
[Result "1-0"]
[BlackTitle "WFM"]
[WhiteElo "2035"]
[BlackElo "1843"]
[WhiteFideId "24141917"]
[BlackFideId "35006908"]
[EventDate "2018.07.20"]

1. e4 c5 2. Nf3 Nc6 3. Bb5 g6 4. O-O Bg7 5. Re1 Nf6 6. c3 O-O 7. h3 Qb6 8. a4 d5
9. e5 Ne8 10. d4 cxd4 11. cxd4 Nc7 12. Nc3 a6 13. Bxc6 bxc6 14. a5 Qa7 15. Na4
Rb8 16. Be3 Na8 17. Qd2 Bf5 18. Rec1 Rfc8 19. Bh6 Be4 20. Bxg7 Bxf3 21. Qh6 Qxd4
22. gxf3 Rb4 23. f4 Qxf4 24. Qxf4 Rxf4 25. Bh6 Rf5 26. Nb6 Rb8 27. Rxc6 f6 28.
e6 Rh5 29. Bf4 Re8 30. Rac1 Kg7 31. Rc8 Rxc8 32. Rxc8 Nxb6 33. axb6 d4 34. b7 1-0

[Event "29th Czech Open B 2018"]
[Site "Pardubice CZE"]
[Date "2018.07.23"]
[Round "4.15"]
[White "Janzekovic, Klemen"]
[Black "Kuzmin, G."]
[Result "1/2-1/2"]
[WhiteElo "2008"]
[BlackElo "2298"]
[WhiteFideId "14604914"]
[BlackFideId "4132041"]
[EventDate "2018.07.20"]

1. Nf3 c5 2. c4 Nf6 3. g3 g6 4. b3 d6 5. d4 Bg4 6. Bg2 Nc6 7. Bb2 Bxf3 8. Bxf3
cxd4 9. Bxd4 Nxd4 10. Qxd4 Bg7 11. Nc3 O-O 12. Qd2 d5 13. Rd1 dxc4 14. Qxd8
Raxd8 15. bxc4 Rxd1+ 16. Kxd1 e6 17. Kc2 b6 18. Rd1 Rc8 19. Kb3 Bf8 20. Nb5 a6
21. Nc3 Rc7 22. Ne4 Nxe4 23. Bxe4 f5 24. Bf3 g5 25. h3 Bc5 26. e3 Kg7 27. Rd2
Kf6 28. g4 Rg7 29. Rd8 Ke5 30. gxf5 exf5 31. Rd5+ Ke6 32. Bd1 g4 33. hxg4 fxg4
34. Rh5 g3 35. fxg3 Bxe3 36. g4 Bg5 37. Bc2 h6 38. Rh3 Ke5 39. Rd3 Be7 40. Rd5+
Kf4 41. Bd1 Bc5 42. Rf5+ Ke3 43. Rf6 Rh7 44. Bc2 Rh8 45. Rf7 a5 46. Rf6 1/2-1/2

[Event "29th Czech Open B 2018"]
[Site "Pardubice CZE"]
[Date "2018.07.23"]
[Round "4.16"]
[White "Cabala, Nathan"]
[Black "Filipenko, Alexander V"]
[Result "0-1"]
[BlackTitle "IM"]
[WhiteElo "2004"]
[BlackElo "2266"]
[WhiteFideId "1639510"]
[BlackFideId "4104471"]
[EventDate "2018.07.20"]

1. b3 d5 2. Bb2 Bg4 3. h3 Bh5 4. d3 f6 5. Nd2 e5 6. Ngf3 c5 7. e4 d4 8. Be2 Bf7
9. a4 Bd6 10. Nc4 Bc7 11. c3 dxc3 12. Bxc3 Nc6 13. O-O Nge7 14. Qd2 O-O 15. Rab1
Rb8 16. Rfc1 Bxc4 17. bxc4 Ba5 18. Bxa5 Nxa5 19. Nh4 b6 20. f4 exf4 21. Qxf4 g5
22. Qg4 Kh8 23. Nf5 Nxf5 24. Qxf5 Nc6 25. Rf1 Qe8 26. Qg4 Rd8 27. Rbd1 Ne5 28.
Qf5 Qxa4 29. Qe6 Qc6 30. Qe7 Ng6 0-1

[Event "29th Czech Open B 2018"]
[Site "Pardubice CZE"]
[Date "2018.07.23"]
[Round "4.17"]
[White "Beyer, Christof"]
[Black "Smirnov, Boris"]
[Result "1/2-1/2"]
[WhiteElo "2001"]
[BlackElo "2200"]
[WhiteFideId "24601780"]
[BlackFideId "4149971"]
[EventDate "2018.07.20"]

1. e4 c5 2. Nf3 d6 3. d4 cxd4 4. Nxd4 Nf6 5. Nc3 a6 6. Bg5 Nbd7 7. f4 Qb6 8. a3
Nc5 9. Bxf6 gxf6 10. Nd5 Qd8 11. Qf3 e6 12. Nc3 f5 13. exf5 e5 14. Nb3 Nxb3 15.
cxb3 Bh6 16. fxe5 Qa5 17. Qd5 Qb6 18. Qxd6 Qxd6 19. exd6 Bxf5 20. Bc4 O-O 21.
O-O Bc2 22. Kh1 Rad8 23. Rf2 Bg6 24. Rd1 b5 25. Be2 Bc2 26. Rd4 1/2-1/2

[Event "29th Czech Open B 2018"]
[Site "Pardubice CZE"]
[Date "2018.07.23"]
[Round "4.18"]
[White "Moroder, Stefan"]
[Black "Bares, Jachym"]
[Result "0-1"]
[WhiteElo "2183"]
[BlackElo "1986"]
[WhiteFideId "826537"]
[BlackFideId "345075"]
[EventDate "2018.07.20"]

1. d4 Nf6 2. c4 c5 3. Nf3 cxd4 4. Nxd4 e5 5. Nb5 d5 6. cxd5 Bb4+ 7. N1c3 Qa5 8.
a3 Qxb5 9. axb4 Qxb4 10. g3 O-O 11. Bg2 Nbd7 12. O-O Nc5 13. Bg5 Qxb2 14. Na4
Nxa4 15. Qxa4 Qb6 16. Be3 Qd6 17. Bxa7 Bd7 18. Qb3 b5 19. Be3 Ra4 20. Rac1 Qa6
21. Bc5 Rc8 22. Qb2 Re8 23. Ra1 Bf5 24. d6 Nd7 25. Bb4 Rc8 26. Rfc1 Rxc1+ 27.
Rxc1 Be6 28. e3 Nb6 29. Rd1 Nc4 30. Qc3 Bd7 31. h3 h6 32. g4 Ra2 33. Be4 Qa4 34.
Rc1 Rb2 35. Bc5 Qa2 36. Rc2 Qb1+ 37. Kh2 Rb3 38. Rc1 Rxc3 39. Rxb1 Nd2 40. Bf5
Nxb1 41. Bb4 Bxf5 42. Bxc3 Nxc3 0-1

[Event "29th Czech Open B 2018"]
[Site "Pardubice CZE"]
[Date "2018.07.23"]
[Round "4.19"]
[White "Pekar, Vaclav"]
[Black "Netusil, Jakub"]
[Result "1-0"]
[WhiteElo "2162"]
[BlackElo "1996"]
[WhiteFideId "323799"]
[BlackFideId "325139"]
[EventDate "2018.07.20"]

1. d4 g6 2. e4 d6 3. Nc3 Nf6 4. Bg5 Bg7 5. Qd2 h6 6. Bh4 Nbd7 7. f4 c5 8. d5 Qb6
9. Rb1 O-O 10. Nf3 Re8 11. Be2 Qb4 12. a3 Qb6 13. O-O e6 14. dxe6 Rxe6 15. Bc4
Nxe4 16. Qd3 Ndf6 17. Bxe6 c4+ 18. Qd4 Qxd4+ 19. Nxd4 fxe6 20. Rfe1 d5 21. Ncb5
Nh5 22. Nxe6 Bxe6 23. Nc7 Bg4 24. Nxa8 Bd4+ 25. Kh1 Nxf4 26. Nc7 Nd2 27. Re8+
Kf7 28. Re7+ Kf8 29. Rbe1 g5 30. Bg3 Nxg2 31. Re8+ Kf7 32. R1e7+ Kg6 33. Be5 Bc5
34. Kxg2 Bf3+ 35. Kg3 g4 36. Kf4 Nf1 37. Re6+ Kh5 38. Bg7 Be3+ 39. Rxe3 1-0

[Event "29th Czech Open B 2018"]
[Site "Pardubice CZE"]
[Date "2018.07.23"]
[Round "4.20"]
[White "Folkova, Martina"]
[Black "Maslak, Alexander"]
[Result "1/2-1/2"]
[WhiteTitle "WFM"]
[WhiteElo "1999"]
[BlackElo "2154"]
[WhiteFideId "304271"]
[BlackFideId "4130871"]
[EventDate "2018.07.20"]

1. e4 c5 2. Nf3 Nc6 3. d4 cxd4 4. Nxd4 g6 5. Nc3 Bg7 6. Be3 Nf6 7. Bc4 Qa5 8.
O-O d6 9. h3 O-O 10. Bb3 Bd7 11. f4 b5 12. a3 a6 13. Qf3 Qc7 14. Rad1 Na5 15.
Nd5 Nxd5 16. Bxd5 Rac8 17. c3 Nc4 18. Bc1 Nb6 19. Kh1 e5 20. Nc2 Nxd5 21. Rxd5
Bc6 22. Nb4 Bb7 23. f5 a5 24. f6 axb4 25. fxg7 Rfe8 26. Rxd6 f5 27. Qd1 Bxe4 28.
Qb3+ Qc4 29. Qxc4+ bxc4 30. axb4 Kxg7 31. Bg5 Rc7 32. Ra1 Rf7 33. Raa6 f4 34.
Bf6+ Kh6 1/2-1/2

[Event "29th Czech Open B 2018"]
[Site "Pardubice CZE"]
[Date "2018.07.23"]
[Round "4.21"]
[White "Boehning, Kilian"]
[Black "Poliakova, Emma"]
[Result "1-0"]
[WhiteElo "2122"]
[BlackElo "1979"]
[WhiteFideId "1270499"]
[BlackFideId "73601144"]
[EventDate "2018.07.20"]

1. d4 d5 2. Nf3 Nf6 3. Bf4 c5 4. e3 Nc6 5. c3 Qb6 6. Na3 c4 7. Qc1 Qa5 8. b4 Qb6
9. Qb1 e6 10. Nc2 Ne4 11. Qb2 Be7 12. a4 a5 13. b5 Nb8 14. Be2 Nd7 15. Ne5 Nxe5
16. Bxe5 f6 17. Bg3 f5 18. Be5 O-O 19. f3 Nf6 20. O-O-O Bd7 21. e4 fxe4 22. Bxf6
Rxf6 23. fxe4 Rf2 24. Bf3 Bg5+ 25. Kb1 Be8 26. Rhf1 Rxf1 27. Rxf1 Bf7 28. Qa3
Rc8 29. Kb2 Qc7 30. g3 Qd7 31. Qa1 Bg6 32. Qe1 Re8 33. h4 Be7 34. h5 Bf7 35. g4
Bg5 36. Qg3 Qd8 37. Bg2 Rf8 38. Qf3 Be7 39. Qe3 Bg5 40. Qg3 Bh4 41. Qf3 Be7 42.
Qe2 h6 43. exd5 exd5 44. Rf5 Bf6 45. Qf3 b6 46. Ne3 Be6 47. Rxd5 Bxd5 48. Qxd5+
Qxd5 49. Bxd5+ Kh8 50. Nxc4 Bd8 51. Ne5 Rf2+ 52. Kb3 Bf6 53. Nd7 Bd8 54. c4 Rd2
55. Kc3 Rd1 56. Be6 Rc1+ 57. Kd3 Re1 58. Bf5 Rc1 59. c5 bxc5 60. dxc5 Rb1 61. b6
Rb4 62. c6 Rxb6 63. Nxb6 Bxb6 64. Kc4 1-0

[Event "29th Czech Open B 2018"]
[Site "Pardubice CZE"]
[Date "2018.07.23"]
[Round "4.22"]
[White "Balenovic, Zvonimir"]
[Black "Wiesner, Paula"]
[Result "1/2-1/2"]
[WhiteTitle "FM"]
[WhiteElo "2114"]
[BlackElo "1974"]
[WhiteFideId "14501252"]
[BlackFideId "24654019"]
[EventDate "2018.07.20"]

1. e4 e6 2. d4 d5 3. e5 c5 4. c3 Nc6 5. Nf3 Bd7 6. Be2 f6 7. exf6 Nxf6 8. O-O
Bd6 9. Bg5 O-O 10. Re1 Qc7 11. Nbd2 Kh8 12. Bd3 Rae8 13. Bh4 Ng4 14. h3 Nh6 15.
Ng5 Nf5 16. Qh5 h6 17. Bxf5 Rxf5 18. g4 Rff8 19. Nf7+ Kh7 20. g5 Bf4 21. Nf3 e5
22. g6+ Kg8 23. dxe5 Bxh3 24. Bg5 Bxg5 25. N3xg5 Bf5 26. Nh7 Rxf7 27. gxf7+ Qxf7
28. Nf6+ gxf6 29. Qxf5 fxe5 30. Qxf7+ Kxf7 31. f3 Ke6 32. Kf2 Rg8 33. Rh1 Rg6
34. Rag1 Kf6 35. Rd1 Ne7 36. Rh5 Ke6 37. Rdh1 Nf5 38. Re1 Kf6 39. Rd1 Ke6 40.
Re1 Kf6 41. Rd1 Ke6 1/2-1/2

[Event "29th Czech Open B 2018"]
[Site "Pardubice CZE"]
[Date "2018.07.23"]
[Round "4.23"]
[White "Koehler, Inken"]
[Black "Slonimskij, Arkadij"]
[Result "0-1"]
[WhiteElo "1991"]
[BlackElo "2114"]
[WhiteFideId "12929301"]
[BlackFideId "4113420"]
[EventDate "2018.07.20"]

1. e4 e6 2. d4 d5 3. exd5 Qxd5 4. Nc3 Bb4 5. Nf3 Nf6 6. a3 Bxc3+ 7. bxc3 c5 8.
Be2 Nc6 9. O-O O-O 10. Rb1 Rd8 11. Be3 Qd6 12. Qd3 Nd5 13. Ng5 f5 14. Bf3 Qe7
15. Nh3 Nxe3 16. fxe3 Ne5 17. Qb5 Nxf3+ 18. Rxf3 b6 19. Qb3 Bb7 20. Rg3 Bd5 21.
c4 Be4 22. Rd1 Rac8 23. c3 Qc7 24. Nf4 Qf7 25. Nd3 Bxd3 26. Rxd3 Qc7 27. d5 exd5
28. Rxd5 Rxd5 29. cxd5 c4 30. Qd1 Qe5 31. Rf3 Rd8 32. Qa4 Qxc3 33. Rxf5 Qe1+ 34.
Rf1 Qxe3+ 35. Kh1 Qd3 36. Rd1 Qb3 37. Qxb3 cxb3 38. Kg1 b2 39. Rb1 Rxd5 40. Rxb2
Rd3 41. a4 Ra3 42. Rb4 Ra2 43. Rc4 h6 44. h4 a5 45. Kh2 Rb2 46. Kg3 Kf7 47. Rc6
h5 48. Kf3 Rb3+ 49. Kf2 Rb4 50. g3 Rxa4 51. Rxb6 Rb4 52. Ra6 a4 53. Kg2 Rg4 54.
Kf3 Ke7 55. Kf2 Kd7 56. Ra5 g6 57. Rd5+ Kc6 58. Rd3 Kb5 59. Ke2 Kc4 60. Rf3 Kb4
61. Kd2 Rc4 62. Rf6 a3 63. Rb6+ Ka4 64. Ra6+ Kb3 65. Kd3 Rc3+ 0-1

[Event "29th Czech Open B 2018"]
[Site "Pardubice CZE"]
[Date "2018.07.23"]
[Round "4.24"]
[White "Mulenko, Alexander"]
[Black "Dorokhin, Semen"]
[Result "1-0"]
[WhiteElo "2109"]
[BlackElo "1971"]
[WhiteFideId "24105430"]
[BlackFideId "24177229"]
[EventDate "2018.07.20"]

1. Nf3 g6 2. c4 Bg7 3. d4 Nf6 4. g3 O-O 5. Bg2 d6 6. O-O Nc6 7. Nc3 a6 8. Bd2 e5
9. d5 Nd4 10. Ne1 Nd7 11. Rc1 Nf5 12. Ne4 Nc5 13. Nxc5 dxc5 14. b4 cxb4 15. Bxb4
Re8 16. e4 a5 17. Ba3 Nd6 18. c5 Nb5 19. Bb2 b6 20. cxb6 cxb6 21. Nc2 Ba6 22.
Re1 Rc8 23. Qd2 Nd6 24. Ne3 Qd7 25. Rxc8 Rxc8 26. Rc1 Qa4 27. Rxc8+ Bxc8 28. Qc1
f6 29. Ba3 Ba6 30. Bxd6 Bh6 31. Qc2 Qd4 32. Bf1 Bxe3 33. Bxa6 1-0

[Event "29th Czech Open B 2018"]
[Site "Pardubice CZE"]
[Date "2018.07.23"]
[Round "4.25"]
[White "Husarik, Branko"]
[Black "Krieger, Fabian"]
[Result "1-0"]
[WhiteElo "2096"]
[BlackElo "1960"]
[WhiteFideId "324140"]
[BlackFideId "16239814"]
[EventDate "2018.07.20"]

1. e4 Nf6 2. e5 Nd5 3. c4 Nb6 4. d4 d6 5. f4 dxe5 6. fxe5 c5 7. d5 g6 8. Bf4 Bg7
9. Qd2 Bf5 10. Nf3 O-O 11. Bh6 e6 12. Nc3 Re8 13. Bxg7 Kxg7 14. O-O-O exd5 15.
cxd5 N8d7 16. Qf4 c4 17. g4 Bd3 18. Bxd3 cxd3 19. Rxd3 Nc5 20. Rd4 Rc8 21. Kb1
a6 22. g5 Nbd7 23. h4 b5 24. h5 Qc7 25. hxg6 hxg6 26. Rh7+ 1-0

[Event "29th Czech Open B 2018"]
[Site "Pardubice CZE"]
[Date "2018.07.23"]
[Round "4.26"]
[White "Paldus, Petr"]
[Black "Adloff, Ralf"]
[Result "1/2-1/2"]
[WhiteElo "1982"]
[BlackElo "2091"]
[WhiteFideId "317950"]
[BlackFideId "24608696"]
[EventDate "2018.07.20"]

1. e4 d6 2. d4 Nf6 3. Nc3 e5 4. dxe5 dxe5 5. Qxd8+ Kxd8 6. Nf3 Bd6 7. Bg5 Be6 8.
O-O-O Nd7 9. Nb5 Ke7 10. Nxd6 cxd6 11. Nd2 h6 12. Bh4 Rhc8 13. b3 1/2-1/2